Use of recycled tyre rubber for modification of asphalt (Record no. 71925)

MARC details
000 -LEADER
fixed length control field 00401nam a2200145Ia 4500
100 ## - MAIN ENTRY--AUTHOR NAME
Personal name Cawel I
245 #0 - TITLE STATEMENT
Title Use of recycled tyre rubber for modification of asphalt
260 ## - PUBLICATION, DISTRIBUTION, ETC. (IMPRINT)
Name of publisher Progress in Rubber and Plastics Technology
Year of publication 1999
300 ## - PHYSICAL DESCRIPTION
Number of Pages 235-248
650 ## - SUBJECT ADDED ENTRY--TOPICAL TERM
Topical Term Asphalt
650 ## - SUBJECT ADDED ENTRY--TOPICAL TERM
Topical Term Recycled tyre rubber
700 ## - ADDED ENTRY--PERSONAL NAME
Personal name Slusarski L
942 ## - ADDED ENTRY ELEMENTS (KOHA)
Koha item type Journals
Holdings
Withdrawn status Lost status Damaged status Not for loan Home library Current library Shelving location Date acquired Serial Enumeration / chronology Koha item type
      Journals RRII Library RRII Library Rubber chemistry 17/12/2021 Volume 15, Issue 4 Journals